|
|
|
|
| LEADER |
00000nab a2200000 a 4500 |
| 001 |
vtls000561678 |
| 003 |
SK-MaSNL |
| 005 |
20260304095026.0 |
| 008 |
250425c1995 xo 0 slo |
| 015 |
|
|
|a SNBRB19rr/mm-uuuuu
|
| 035 |
|
|
|a CL0561816
|
| 035 |
|
|
|a urn:nbn:sk:snk-abegp
|
| 035 |
|
|
|a (urnnbn)urn:nbn:sk:snk:ar-a03u3d
|
| 035 |
|
|
|a (uuid)36e001c8-e353-4847-82fe-434e56dfee4b
|
| 040 |
|
|
|a SNKBUCL
|b slo
|c SNKBUCL
|e AACR2
|
| 041 |
0 |
|
|a slo
|
| 044 |
|
|
|a xo
|c SK
|
| 080 |
|
|
|a 165(048)
|2 1981
|
| 100 |
1 |
|
|a Münz, Teodor,
|d 1926-2022
|4 aut
|9 103322
|
| 245 |
1 |
0 |
|a Monografia o transformácii súčasného poznania
|c Teodor Münz
|
| 650 |
0 |
7 |
|a poznanie
|2 snkbucl
|9 975
|
| 655 |
|
7 |
|a články z novín a časopisov
|2 snkbucl
|9 267496
|
| 700 |
1 |
|
|a Minnich, Elizabeth K.
|4 aut
|9 1391903
|
| 773 |
0 |
|
|t Filozofia
|g Roč. 50, č. 7 (1995), s. 389-392
|x 0046-385X
|
| 787 |
0 |
8 |
|i Rec.:
|a Minnich, Elizabeth K.
|t Von der halben zur ganzen Wahrheit. Einführung in feministisches Danken
|d Frankfurt/New York : Campus Verlag, 1994
|
| 850 |
|
|
|a Slovenská národná knižnica
|
| 852 |
|
|
|a Slovenská národná knižnica
|
| 954 |
|
|
|a odborná, vedecká literatúra pôvodná (slovenská)
|2 lita
|
| 958 |
|
|
|a article27
|
| 958 |
|
|
|a OND
|
| 958 |
|
|
|a RK
|
| 958 |
|
|
|a US
|
| 958 |
|
|
|a EUIPO
|
| 992 |
|
|
|a RBX
|
| 999 |
|
|
|c 2830321
|d 2832251
|